Media and the transformation of religion in South Asia / (Record no. 19551)

MARC details
000 -LEADER
fixed length control field 01377cam a2200337 a 4500
001 - CONTROL NUMBER
control field 670675
003 - CONTROL NUMBER IDENTIFIER
control field BDDh-ASL
005 - DATE AND TIME OF LATEST TRANSACTION
control field 20231015025804.0
008 - FIXED-LENGTH DATA ELEMENTS--GENERAL INFORMATION
fixed length control field 950309s1995 paua b 001 0 eng
010 ## - LIBRARY OF CONGRESS CONTROL NUMBER
LC control number 95013168
020 ## - INTERNATIONAL STANDARD BOOK NUMBER
International Standard Book Number 0812233042 (hardback : alk. paper)
020 ## - INTERNATIONAL STANDARD BOOK NUMBER
International Standard Book Number 0812215478 (paper : alk. paper)
040 ## - CATALOGING SOURCE
Original cataloging agency DLC
Transcribing agency DLC
Modifying agency BDDh-ASL
043 ## - GEOGRAPHIC AREA CODE
Geographic area code az-----
050 00 - LIBRARY OF CONGRESS CALL NUMBER
Classification number BL1055
Item number .W33 1995
082 00 - DEWEY DECIMAL CLASSIFICATION NUMBER
Classification number 291.175
Edition number 20
Item number MED
245 00 - TITLE STATEMENT
Title Media and the transformation of religion in South Asia /
Statement of responsibility, etc. edited by Lawrence A. Babb and Susan S. Wadley.
260 ## - PUBLICATION, DISTRIBUTION, ETC.
Place of publication, distribution, etc. Philadelphia :
Name of publisher, distributor, etc. University of Pennsylvania Press,
Date of publication, distribution, etc. c1995.
300 ## - PHYSICAL DESCRIPTION
Extent viii, 298 p. :
Other physical details ill. ;
Dimensions 24 cm.
500 ## - GENERAL NOTE
General note "This project was sponsored by the Joint Committee on South Asia of the Social Science Research Council and the American Council of Learned Societies."
504 ## - BIBLIOGRAPHY, ETC. NOTE
Bibliography, etc. note Includes bibliographical references and index.
650 #0 - SUBJECT ADDED ENTRY--TOPICAL TERM
Topical term or geographic name entry element Mass media
General subdivision Religious aspects.
651 #0 - SUBJECT ADDED ENTRY--GEOGRAPHIC NAME
Geographic name South Asia
General subdivision Religion
Chronological subdivision 20th century.
700 1# - ADDED ENTRY--PERSONAL NAME
Personal name Babb, Lawrence A.
700 1# - ADDED ENTRY--PERSONAL NAME
Personal name Wadley, Susan Snow,
Dates associated with a name 1943-
710 2# - ADDED ENTRY--CORPORATE NAME
Corporate name or jurisdiction name as entry element Joint Committee on South Asia.
710 2# - ADDED ENTRY--CORPORATE NAME
Corporate name or jurisdiction name as entry element American Council of Learned Societies.
906 ## - LOCAL DATA ELEMENT F, LDF (RLIN)
a 7
b cbc
c orignew
d 1
e ocip
f 19
g y-gencatlg
942 ## - ADDED ENTRY ELEMENTS (KOHA)
Source of classification or shelving scheme Dewey Decimal Classification
Koha item type Books
Holdings
Withdrawn status Lost status Source of classification or shelving scheme Damaged status Not for loan Collection code Home library Current library Shelving location Date acquired Source of acquisition Total Checkouts Full call number Barcode Date last seen Copy number Price effective from Koha item type Public note
    Dewey Decimal Classification     Non-fiction Asiatic Society Library Asiatic Society Library Ludden Collection 12/13/2020 Donated by Prof. David Ludden   291.175 MED 102897 12/13/2020 C-1 12/13/2020 Books RARE

Powered by Koha